| 000 | 00457nam a2200205Ia 4500 | ||
|---|---|---|---|
| 005 | 20240822061937.0 | ||
| 008 | 240331s9999 xx 000 0 und d | ||
| 020 | _a0862329833 | ||
| 082 |
_bSMY _a613 |
||
| 100 | _aSmyke, P | ||
| 245 | 0 | _aWomen and health | |
| 260 |
_aLondon _bZed Books Ltd _c1991 |
||
| 300 | _aix, 182 p ., | ||
| 650 | _aWomen | ||
| 650 | _aDevelopment | ||
| 650 | _aHealth | ||
| 650 | _aSocial | ||
| 650 | _aEconomic | ||
| 942 | _cL | ||
| 999 |
_c4456 _d4456 |
||